Responses for show #465 - Friday, September 19, 1986

Contestants

[<< previous game]

Tim Singer, a writer originally from Tyrone, Pennsylvania

Ed Coyne, an airline pilot from Mission Viejo, California

Marc Wade, a systems analyst originally from Sacremento, California (whose 1-day cash winnings total $6,500)

Jeopardy! Round responses

BUSINESS & INDUSTRY
PROVERBS
TV THEMES
ROADSIDE AMERICA
COMPARATIVE CUISINE
ENDS IN "OO"
    $100 15
they changed from two stick popsicles to the single stick popsicles

Triple Stumper
    $100 8
in the middle of a stream

Marc
    $100 1
(Tim: Uh, what's the theme from The Beverly Hillbillies?)

The Brady Bunch

Tim
Triple Stumper
    $100 17
(Ed: What is a rocking chair?)

a ladderback chair

Ed
Triple Stumper
    $100 13
chicken

Marc
    $100 4
Voodoo

Marc
    $200 16
1986

Ed
    $200 9
turnabout

Marc
    $200 2
(Tim: Uh, this, could this be the theme from [*]?)
(Alex: Could this be the theme from [*]? It is indeed and you phrased it in the form of a question. Not the accepted form, but that's all right.)
[Laughter]

The Honeymooners

Tim
    $200 18
the Ten Commandments

Tim
    $200 14
(Tim: What are your peas?)
(Ed: What are your beans?)

vegetables

EdTim
Triple Stumper
    $200 5
"boo-hoo"

Tim
    $300 26
(the end-of-round-signal sounds)

the windshield for your car

Ed
    $300 10
an old fool

Tim
    $500 20
(Marc: What is Hill Street Blues?)

the Miami Vice theme

Marc
    $300 19
Life Savers

Marc
    $300 23
cranberry sauce

Tim
    $300 6
goo

Marc
    $400 11
the straw that broke the camel's back

Tim
    $400 21
Family Ties

Triple Stumper
    $400 24
a fish

Ed
    $400 3
hullabaloo

Marc
    $500 12
patience

Marc
    $500 22
(Marc: What is creepy, kooky, delirious and spooky?)
...
(Alex: We've got a minute to go in the round.)

creepy, kooky, mysterious & spooky

Marc
Triple Stumper
    $500 25
(Tim: What is a pig?)
(Marc: What is a cow?)
(Alex: Be more specific.)
(Marc: A steer.)
(Alex: No, sorry. No one else wants to try it, Ed's the only one, so I'll give it to you, what is a [*]? Had to get the sex right, as is so often necessary in life.)
[Laughter]
...
[Prior to the Double Jeopardy! Round, Alex announced they were giving Marc credit for his response, because Iowa's largest moneymaker is the sale of cattle, which includes steer.]

a bull

MarcTim
    $500 7
skidoo

Triple Stumper

Scores at the first commercial break (after clue 14):

Marc Ed Tim
$1,700 -$200 $800

Scores at the end of the Jeopardy! Round:

Marc Ed Tim
$1,500 $600 $800

Double Jeopardy! Round responses

THE MIDDLE EAST
HOLIDAYS
OPERA
MAGAZINES
THE 1870s
DEADWOOD
    $200 21
(Ed: What is Iran?)

Lebanon

Ed
Triple Stumper
    $200 11
the St. Patrick's Day parade

Tim
    $200 8
Washington, D.C.

Ed
    $200 16
(Ed: What is Bucharest...?)
(Alex: Sorry. Tim or Mark? The capital of Hungary is Budapest, the two cities were [*] and [**], and there was a third one, Obuda.)

Buda & Pest

Ed
Triple Stumper
    $200 1
sawdust

Marc
    $400 22
(Alex: It's known as the "[*] Quartet".)
[The end-of-round signal sounds.]

Alexandria

Triple Stumper
    $400 12
Hanukkah

Tim
    $400 9
airline magazines

Tim
    $400 17
(Alex: That is right. Minute to go in the round.)

99 44/100% pure

Marc
    $400 2
wood-burning stoves

Triple Stumper
    $600 13
Mary Poppins

Marc
    $600 7
13

Marc
    $600 18
swim the English Channel

Ed
    $600 3
a logjam

Ed
    $300 14
(Alex: Yes, 147 couples in 1986.)

Valentine's Day

Marc
    $800 6
'Teen

Triple Stumper
    $800 19
(Ed: What is creed?)
(Marc: What is religion?)

the condition of previous servitude

MarcEd
Triple Stumper
    $800 4
Lester

Marc
    $1000 15
(Marc: What is Easter?)

Arbor Day

Marc
Triple Stumper
    $1000 10
Omni

Ed
    $1000 20
(Ed: Who is Pancho Villa?)
(Tim: Who is Zapata?)

Porfirio Díaz

EdTim
Triple Stumper
    $1000 5
The Petrified Forest

Tim

Scores at the end of the Double Jeopardy! Round:

Marc Ed Tim
$2,600 $800 $1,800

[wagering suggestions for these scores]

Final Jeopardy! Round responses

FIRST LADIES
EdWho is Jacqueline Onassis
$798
TimMight it be Mrs. Carter
$1,800
MarcWho is Rosalynn Carter
$1,001
Jacqueline Kennedy Onassis

Final scores:

Marc Ed Tim
$1,599 $1,598 $0
2-day champion: $8,099 2nd place: a trip to Palm Springs and a set of tennis racquets 3rd place: a refridgerator

Game dynamics:

Coryat scores:

Marc Ed Tim
$3,600 $800 $1,800
15 R
(including 1 DD),
4 W
(including 1 DD)
7 R,
6 W
10 R,
4 W

Combined Coryat: $6,200

The J! Archive is created by fans, for fans. The Jeopardy! game show and all elements thereof, including but not limited to copyright and trademark thereto, are the property of Jeopardy Productions, Inc. and are protected under law. This website is not affiliated with, sponsored by, or operated by Jeopardy Productions, Inc. Join the discussion at JBoard.tv.